[Event "Quebec Montcalm op 6 2018-19"]
[Site "Quebec"]
[Date "2019.03.28"]
[Round "2"]
[White "Le Huu, Pascal"]
[Black "Dube, Dominic"]
[Result "1-0"]
[WhiteElo "1233"]
[BlackElo "1743"]
[PlyCount "127"]
[EventDate "2019.03.21"]
[EventType "swiss"]
[EventRounds "5"]
[EventCountry "CAN"]
[SourceTitle "EXT 2022"]
[Source "ChessBase"]
[SourceDate "2021.10.06"]
[SourceVersion "1"]
[SourceVersionDate "2021.10.06"]
[SourceQuality "1"]

1. d4 c6 2. Bf4 d5 3. Nf3 Bf5 4. c3 Nd7 5. e3 h6 6. Bd3 Bxd3 7. Qxd3 Ngf6 8. Nbd2 Qb6 9. b4 Nh5 10. Ne5 Nxf4 11. exf4 Nxe5 12. fxe5 e6 13. Qf3 Be7 14. Nb3 0-0 15. Nc5 Bxc5 16. bxc5 Qa6 17. Qe2 Qa3 18. Qd3 f6 19. exf6 Rxf6 20. 0-0 Raf8 21. Qc2 Rf5 22. Qb3 Qa6 23. Rab1 Qe2 24. Qb2 Rxf2 25. Qxe2 Rxe2 26. Rxf8+ Kxf8 27. Rxb7 Rxa2 28. h3 a5 29. Rc7 a4 30. Rxc6 Rc2 31. Ra6 Rxc3 32. Rxa4 Ke7 33. Ra7+ Kf6 34. Ra6 Rc4 35. c6 Rxd4 36. c7 Rc4 37. Ra7 d4 38. Kf1 e5 39. g4 e4 40. Ke1 g6 41. h4 Rc6 42. Ra6 Rxa6 43. c8Q Ra1+ 44. Kd2 Ra2+ 45. Kc1 Ra1+ 46. Kb2 Rd1 47. Qc6+ Ke5 48. Qe8+ Kf4 49. Qxg6 Rd2+ 50. Kc1 e3 51. Qxh6+ Kxg4 52. Qg5+ Kf3 53. Qf5+ Kg2 54. h5 d3 55. h6 Rc2+ 56. Kb1 Rd2 57. h7 Rd1+ 58. Kb2 e2 59. Qg4+ Kf2 60. Qf4+ Kg2 61. h8Q Rb1+ 62. Ka2 e1Q 63. Qg7+ Kh3 64. Qfg4+ 1-0

[Event "Quebec Montcalm op 5 2018-19"]
[Site "Quebec"]
[Date "2019.03.14"]
[Round "5"]
[White "Dube, Dominic"]
[Black "Lapierre, Gaetan"]
[Result "0-1"]
[WhiteElo "1774"]
[BlackElo "1737"]
[PlyCount "124"]
[EventDate "2019.02.14"]
[EventType "swiss"]
[EventRounds "5"]
[EventCountry "CAN"]
[SourceTitle "EXT 2022"]
[Source "ChessBase"]
[SourceDate "2021.10.06"]
[SourceVersion "1"]
[SourceVersionDate "2021.10.06"]
[SourceQuality "1"]

1. e4 d5 2. exd5 Nf6 3. d4 Nxd5 4. c4 Nf6 5. Nc3 Bf5 6. Nf3 c6 7. Qb3 Qb6 8. Na4 Qxb3 9. axb3 Nbd7 10. Be2 e6 11. 0-0 Bc2 12. Bd1 Bxd1 13. Rxd1 Be7 14. h3 0-0 15. Nc3 a6 16. Ne5 Rfd8 17. Bf4 h6 18. f3 c5 19. d5 exd5 20. Nxd5 Nxd5 21. cxd5 Nb6 22. Nc4 Nxd5 23. Bg3 b5 24. Ne5 Nb4 25. Be1 Bf6 26. Bxb4 Bxe5 27. Bxc5 Rxd1+ 28. Rxd1 Bxb2 29. Rd6 a5 30. Rd2 Bf6 31. Kf2 Rc8 32. Bb6 a4 33. bxa4 bxa4 34. Ra2 Rb8 35. Rxa4 Rxb6 36. g4 Bh4+ 37. Kg1 Rb1+ 38. Kg2 Rb2+ 39. Kg1 Bg3 40. Ra8+ Kh7 41. Rd8 Kg6 42. Rd5 f6 43. Rf5 Rb4 44. Kg2 Be5 45. h4 Kf7 46. h5 Ke6 47. Kf2 Rf4 48. Rxf4 Bxf4 49. Ke2 Kd5 50. Kd3 Bg5 51. Ke2 Ke5 52. Kf2 Kf4 53. Kg2 Bh4 54. Kh3 Bf2 55. Kg2 Ke3 56. Kf1 Be1 57. Kg2 Kf4 58. Kh3 Kxf3 59. g5 fxg5 60. Kh2 g4 61. Kh1 Kg3 62. Kg1 Kh3 0-1

[Event "Quebec Montcalm op 3 2018-19"]
[Site "Quebec"]
[Date "2018.11.15"]
[Round "1"]
[White "Desbiens, Raphael"]
[Black "Dube, Dominic"]
[Result "1-0"]
[WhiteElo "2149"]
[BlackElo "1796"]
[PlyCount "81"]
[EventDate "2018.11.15"]
[EventType "swiss"]
[EventRounds "5"]
[EventCountry "CAN"]
[SourceTitle "EXT 2022"]
[Source "ChessBase"]
[SourceDate "2021.10.06"]
[SourceVersion "1"]
[SourceVersionDate "2021.10.06"]
[SourceQuality "1"]

1. Nf3 c6 2. g3 d5 3. Bg2 h6 4. c4 Nf6 5. 0-0 Bf5 6. b3 e6 7. Ba3 Bxa3 8. Nxa3 Qa5 9. Nc2 Bxc2 10. Qxc2 Nbd7 11. d3 0-0 12. e4 dxe4 13. dxe4 Rad8 14. a3 Ne5 15. Nxe5 Qxe5 16. Rad1 Qa5 17. Qb2 e5 18. b4 Qc7 19. Qb3 Rxd1 20. Rxd1 Rd8 21. c5 Rxd1+ 22. Qxd1 Qd7 23. Qxd7 Nxd7 24. Bh3 Nf6 25. f3 Kf8 26. Bc8 b6 27. cxb6 axb6 28. Bb7 c5 29. bxc5 bxc5 30. f4 Nd7 31. Bc6 Nb8 32. Bb5 Ke7 33. a4 Kd6 34. Kf2 f6 35. Ke3 c4 36. Kd2 Kc5 37. Kc3 g6 38. fxe5 fxe5 39. g4 h5 40. gxh5 gxh5 41. h4 1-0

[Event "Quebec Montcalm op 2 2018-19"]
[Site "Quebec"]
[Date "2018.10.25"]
[Round "3"]
[White "Betancourt, Juan Mauricio"]
[Black "Dube, Dominic"]
[Result "1-0"]
[WhiteElo "1933"]
[BlackElo "1809"]
[PlyCount "107"]
[EventDate "2018.10.11"]
[EventType "swiss"]
[EventRounds "5"]
[EventCountry "CAN"]
[SourceTitle "EXT 2022"]
[Source "ChessBase"]
[SourceDate "2021.10.06"]
[SourceVersion "1"]
[SourceVersionDate "2021.10.06"]
[SourceQuality "1"]

1. e4 c6 2. Nc3 d5 3. Nf3 Bg4 4. h3 Bh5 5. exd5 cxd5 6. g4 Bg6 7. Bb5+ Nc6 8. Ne5 Qd6 9. d4 a6 10. Nxg6 hxg6 11. Ba4 b5 12. Bb3 e6 13. Be3 Nf6 14. Qe2 Na5 15. 0-0-0 Nd7 16. f4 Nxb3+ 17. cxb3 Be7 18. Rdf1 Qc6 19. Kb1 Nf6 20. f5 gxf5 21. gxf5 b4 22. Na4 Ne4 23. Qg4 Bf6 24. Rc1 Qd7 25. Nb6 Qb5 26. Nxa8 Qd3+ 27. Ka1 0-0 28. fxe6 fxe6 29. Qxe6+ Kh8 30. Qxd5 Rd8 31. Qc4 Qxc4 32. bxc4 Bh4 33. Rhd1 a5 34. d5 Bf6 35. Bd4 Bg5 36. Rc2 a4 37. Re2 Nd6 38. Rg2 Bh6 39. Rg6 Kh7 40. Rdg1 Nf5 41. Bc5 Bd2 42. Rb6 Rc8 43. Rc6 Rd8 44. Rd1 Re8 45. Re6 Rc8 46. Rxd2 Rxc5 47. Rc6 Ra5 48. c5 b3 49. d6 Ne3 50. a3 Rxa8 51. d7 Rf8 52. Rcd6 Rf1+ 53. Rd1 Nxd1 54. d8Q 1-0

[Event "Quebec Montcalm op 4 2017-18"]
[Site "Quebec"]
[Date "2018.01.25"]
[Round "3"]
[White "Dube, Dominic"]
[Black "Cournoyer, Dominic"]
[Result "0-1"]
[WhiteElo "1856"]
[BlackElo "1962"]
[PlyCount "68"]
[EventDate "2018.01.11"]
[EventType "swiss"]
[EventRounds "5"]
[EventCountry "CAN"]
[SourceTitle "EXT 2022"]
[Source "ChessBase"]
[SourceDate "2021.10.06"]
[SourceVersion "1"]
[SourceVersionDate "2021.10.06"]
[SourceQuality "1"]

1. Nf3 Nf6 2. d4 d5 3. e3 e6 4. c4 c6 5. Bd3 Bd6 6. c5 Bc7 7. 0-0 0-0 8. b4 Nbd7 9. Bb2 Ne4 10. Bxe4 dxe4 11. Nfd2 Qg5 12. Na3 Nf6 13. h3 e5 14. Kh1 Qh4 15. f3 exd4 16. fxe4 Bxh3 17. Nf3 Bxg2+ 18. Kxg2 Qg3+ 19. Kh1 Qh3+ 20. Kg1 Nxe4 21. Qc2 Ng3 22. Rfe1 dxe3 23. Rxe3 Rae8 24. Qc3 f6 25. Qc4+ Kh8 26. Rae1 Rxe3 27. Rxe3 Rd8 28. Qd3 h6 29. Nd4 Qh1+ 30. Kf2 Qh2+ 31. Kf3 Qxb2 32. Nac2 Qc1 33. Qg6 Qf1+ 34. Kg4 h5+ 0-1

[Event "Quebec Montcalm op 4 2017-18"]
[Site "Quebec"]
[Date "2018.01.18"]
[Round "2"]
[White "Dube, Dominic"]
[Black "Lessard, Claude"]
[Result "0-1"]
[WhiteElo "1861"]
[BlackElo "2152"]
[PlyCount "57"]
[EventDate "2018.01.11"]
[EventType "swiss"]
[EventRounds "5"]
[EventCountry "CAN"]
[SourceTitle "EXT 2022"]
[Source "ChessBase"]
[SourceDate "2021.10.06"]
[SourceVersion "1"]
[SourceVersionDate "2021.10.06"]
[SourceQuality "1"]

1. e4 c5 2. Nf3 d6 3. d4 cxd4 4. Nxd4 Nf6 5. Nc3 a6 6. g3 e5 7. Nde2 Be6 8. Bg2 Be7 9. 0-0 0-0 10. b3 Qc7 11. Bb2 b5 12. Rc1 Nbd7 13. h3 Nc5 14. Nd5 Nxd5 15. exd5 Bd7 16. c4 bxc4 17. bxc4 Qa5 18. Bxe5 dxe5 19. d6 Bf6 20. Bxa8 Rxa8 21. Qd5 Re8 22. Kh2 Be6 23. Qf3 Bg5 24. Rc2 Qa4 25. Qc3 Bf6 26. Nc1 e4 27. Qd2 e3 28. Qe1 Bf5 29. Rd2 0-1

[Event "Quebec Capablanca"]
[Site "Quebec"]
[Date "2017.12.28"]
[Round "3"]
[White "Glode, Martin"]
[Black "Dube, Dominic"]
[Result "1-0"]
[WhiteElo "1896"]
[BlackElo "1827"]
[PlyCount "59"]
[EventDate "2017.12.04"]
[EventType "swiss"]
[EventRounds "5"]
[EventCountry "CAN"]
[SourceTitle "EXT 2022"]
[Source "ChessBase"]
[SourceDate "2021.10.06"]
[SourceVersion "1"]
[SourceVersionDate "2021.10.06"]
[SourceQuality "1"]

1. e4 c6 2. d3 d5 3. Nd2 e5 4. Ngf3 Bd6 5. d4 f6 6. dxe5 fxe5 7. Nxe5 Nf6 8. f4 0-0 9. exd5 Nxd5 10. Ndf3 Qe7 11. Bc4 Be6 12. 0-0 Nxf4 13. Re1 Bc5+ 14. Kh1 Bxc4 15. Nxc4 Rd8 16. Bd2 Qf6 17. Re4 Nd5 18. Bg5 Qg6 19. Qe2 Rf8 20. Nce5 Qf5 21. Qc4 b5 22. Qe2 Nf6 23. Bxf6 Rxf6 24. Ng4 Rf8 25. Re5 Qxg4 26. Rxc5 a5 27. Re1 Qb4 28. Qe6+ Kh8 29. Rh5 Nd7 30. Rxh7+ 1-0

[Event "Quebec Montcalm op 2 2017-18"]
[Site "Quebec"]
[Date "2017.10.26"]
[Round "3"]
[White "Sarra Bournet, Marc"]
[Black "Dube, Dominic"]
[Result "1-0"]
[WhiteElo "1771"]
[BlackElo "1827"]
[PlyCount "163"]
[EventDate "2017.10.12"]
[EventType "swiss"]
[EventRounds "5"]
[EventCountry "CAN"]
[SourceTitle "EXT 2022"]
[Source "ChessBase"]
[SourceDate "2021.10.06"]
[SourceVersion "1"]
[SourceVersionDate "2021.10.06"]
[SourceQuality "1"]

1. e4 c6 2. d4 d5 3. Nc3 dxe4 4. Nxe4 Bf5 5. Ng3 Bg6 6. Nf3 Nd7 7. Bd3 Bxd3 8. Qxd3 Ngf6 9. 0-0 e6 10. Re1 Qc7 11. Ng5 Be7 12. Bd2 h6 13. Nxe6 fxe6 14. Rxe6 Nf8 15. Rxe7+ Kxe7 16. Re1+ Kd8 17. Bb4 N8d7 18. Be7+ Kc8 19. Nf5 Ne8 20. Bh4 b5 21. Bg3 Qa5 22. Ne7+ Kb7 23. Qe4 Qb6 24. d5 Nc5 25. dxc6+ Ka6 26. Qe3 Nc7 27. Bxc7 Qxc7 28. Qxc5 Qb6 29. Qa3+ Qa5 30. Qxa5+ Kxa5 31. c7 Rhe8 32. Kf1 b4 33. c8Q Raxc8 34. Nxc8 Rxc8 35. Re2 Rc7 36. h4 Kb5 37. g3 a5 38. Ke1 Kc4 39. Kd1 a4 40. Re4+ Kb5 41. Re3 Rd7+ 42. Ke2 Rc7 43. Kd2 Rd7+ 44. Rd3 Rf7 45. Ke2 Kc4 46. h5 Rf5 47. g4 Rg5 48. c3 bxc3 49. Rxc3+ Kb4 50. Re3 Kc4 51. Re4+ Kb5 52. Ke3 Rc5 53. Re7 Rc2 54. Rxg7 Kc6 55. Rg6+ Kb7 56. Rd6 Rxb2 57. Rd2 a3 58. g5 hxg5 59. h6 Kc7 60. h7 Rb8 61. Rd3 Re8+ 62. Kd4 Rh8 63. Rxa3 Kb6 64. Ke5 Rxh7 65. Kf5 Rg7 66. Kf6 Rg8 67. Kf7 Rc8 68. Rb3+ Ka5 69. Kf6 Rc5 70. Re3 Kb4 71. a3+ Ka4 72. Kg6 Rd5 73. Kh5 Kb5 74. Kg4 Kc4 75. Re8 Kd4 76. Rg8 Ra5 77. Rxg5 Rxa3 78. f4 Ra6 79. Rg8 Rf6 80. f5 Ke5 81. Re8+ Kd6 82. Kg5 1-0

[Event "Quebec Montcalm op 2 2017-18"]
[Site "Quebec"]
[Date "2017.10.19"]
[Round "2"]
[White "Dube, Dominic"]
[Black "Pare, Marc"]
[Result "1-0"]
[WhiteElo "1877"]
[BlackElo "2001"]
[PlyCount "51"]
[EventDate "2017.10.12"]
[EventType "swiss"]
[EventRounds "5"]
[EventCountry "CAN"]
[SourceTitle "EXT 2022"]
[Source "ChessBase"]
[SourceDate "2021.10.06"]
[SourceVersion "1"]
[SourceVersionDate "2021.10.06"]
[SourceQuality "1"]

1. e4 d5 2. exd5 Nf6 3. Nc3 Nxd5 4. Nxd5 Qxd5 5. d4 Nc6 6. c3 e5 7. Qe2 Be7 8. dxe5 0-0 9. Bf4 Bf5 10. Qc4 Qd7 11. Rd1 Qe8 12. Be2 Be6 13. Qa4 f6 14. exf6 Bxf6 15. Be3 Qf7 16. Nf3 Bxa2 17. c4 Bxb2 18. Qxa2 Bc3+ 19. Bd2 Be5 20. 0-0 Bd6 21. Qa4 Kh8 22. Bc3 a6 23. Bd3 Qh5 24. c5 Qxc5 25. Qh4 h5 26. Qe4 1-0

[Event "Quebec Montcalm op 1 2017-18"]
[Site "Quebec"]
[Date "2017.09.14"]
[Round "2"]
[White "Cummins, Paul"]
[Black "Dube, Dominic"]
[Result "1-0"]
[WhiteElo "1755"]
[BlackElo "1892"]
[PlyCount "105"]
[EventDate "2017.09.07"]
[EventType "swiss"]
[EventRounds "5"]
[EventCountry "CAN"]
[SourceTitle "EXT 2022"]
[Source "ChessBase"]
[SourceDate "2021.10.06"]
[SourceVersion "1"]
[SourceVersionDate "2021.10.06"]
[SourceQuality "1"]

1. e4 c5 2. Nf3 d6 3. d4 cxd4 4. Nxd4 Nf6 5. Nc3 g6 6. Be3 Bg7 7. f3 0-0 8. Qd2 a6 9. Bc4 Nbd7 10. 0-0-0 b5 11. Bb3 Bb7 12. g4 Ne5 13. h4 h5 14. gxh5 Nxh5 15. Bh6 Rc8 16. Bxg7 Kxg7 17. Rdg1 e6 18. Bxe6 Nxf3 19. Nxf3 fxe6 20. Ng5 Qe7 21. Rd1 Rcd8 22. Rhf1 Nf6 23. Qd4 e5 24. Qg1 b4 25. Nd5 Bxd5 26. exd5 Nxd5 27. Rxd5 Rxf1+ 28. Qxf1 Rf8 29. Qxa6 Rf6 30. Qe2 Rf4 31. Qh2 Kh6 32. Rd1 Qa7 33. Kb1 Qe3 34. Ne6 Rf6 35. Nc7 Qf3 36. Qd2+ Kh7 37. Nd5 Re6 38. Re1 e4 39. Nxb4 e3 40. Qe2 Qe4 41. Nd3 Qxh4 42. Qf3 Qe7 43. Rh1+ Kg7 44. Qh3 Kf6 45. Qh8+ Kf5 46. Rf1+ Ke4 47. Rf4+ Kd5 48. Qd4+ Kc6 49. Qa4+ Kc7 50. Rc4+ Kb8 51. Rb4+ Kc7 52. Qa7+ Kc6 53. Qa8+ 1-0

[Event "Ste Foy CC Jeudi 2"]
[Site "Ste Foy"]
[Date "2017.07.13"]
[Round "2"]
[White "Dube, Dominic"]
[Black "Hirschberg, Valerian"]
[Result "0-1"]
[WhiteElo "1928"]
[BlackElo "2332"]
[PlyCount "46"]
[EventDate "2017.07.06"]
[EventType "swiss"]
[EventRounds "5"]
[EventCountry "CAN"]
[SourceTitle "EXT 2022"]
[Source "ChessBase"]
[SourceDate "2021.10.06"]
[SourceVersion "1"]
[SourceVersionDate "2021.10.06"]
[SourceQuality "1"]

1. e4 c5 2. Nf3 Nc6 3. d4 cxd4 4. Nxd4 Nf6 5. Nc3 e5 6. Nb3 Bb4 7. Bg5 h6 8. Bxf6 Qxf6 9. Qd3 0-0 10. a3 Bxc3+ 11. Qxc3 Qg6 12. f3 d6 13. 0-0-0 Bd7 14. Qd3 Rac8 15. Nc5 dxc5 16. Qxd7 Rfd8 17. Qf5 Rxd1+ 18. Kxd1 Rd8+ 19. Kc1 Qd6 20. Bd3 b5 21. Rd1 Nd4 22. Qg4 c4 23. c3 cxd3 0-1

[Event "Montcalm-ch"]
[Site "Quebec"]
[Date "2017.05.18"]
[Round "4"]
[White "Dube, Dominic"]
[Black "Dube, Daniel"]
[Result "1/2-1/2"]
[WhiteElo "1859"]
[BlackElo "1950"]
[PlyCount "119"]
[EventDate "2017.04.27"]
[EventType "tourn"]
[EventRounds "5"]
[EventCountry "CAN"]
[SourceTitle "EXT 2022"]
[Source "ChessBase"]
[SourceDate "2021.10.06"]
[SourceVersion "1"]
[SourceVersionDate "2021.10.06"]
[SourceQuality "1"]

1. e4 c5 2. Bc4 e6 3. Nc3 a6 4. a4 Nc6 5. d3 Nf6 6. Bg5 Be7 7. f4 d6 8. Nf3 Qc7 9. d4 cxd4 10. Nxd4 h6 11. Bxf6 gxf6 12. Nce2 Bd7 13. Qd2 Rc8 14. Nxc6 Bxc6 15. Bd3 Rg8 16. Ng3 Rh8 17. f5 e5 18. Be2 Qd7 19. b3 d5 20. exd5 Qxd5 21. Bf3 Qxd2+ 22. Kxd2 Bxf3 23. gxf3 Bb4+ 24. Kd3 Rc3+ 25. Ke4 Ke7 26. Ra2 Rd8 27. Ne2 Rc6 28. c4 Rcd6 29. f4 Rd2 30. Rha1 R2d3 31. fxe5 fxe5 32. Kxe5 Re3+ 33. Kf4 Rxb3 34. Ke4 Bc5 35. Rf1 Kf6 36. Rf3 Rxf3 37. Kxf3 Kxf5 38. Ng3+ Kg6 39. Rg2 Kh7 40. Nf5 Bf8 41. Ke4 Re8+ 42. Kd5 Re6 43. Rb2 b6 44. Rg2 Rg6 45. Rxg6 Kxg6 46. Nh4+ Kg5 47. Nf3+ Kf4 48. Ne5 Bc5 49. Nxf7 h5 50. Ne5 Bg1 51. Nd7 h4 52. Ne5 h3 53. Nd3+ Ke3 54. Ne5 Bxh2 55. Ng4+ Kf3 56. Nxh2+ Kg2 57. Ng4 Kg3 58. Ne3 Kf2 59. Ng4+ Kg3 60. Ne3 1/2-1/2

[Event "Montcalm-ch"]
[Site "Quebec"]
[Date "2017.05.04"]
[Round "2"]
[White "Lessard, Claude"]
[Black "Dube, Dominic"]
[Result "1-0"]
[WhiteElo "2123"]
[BlackElo "1859"]
[PlyCount "71"]
[EventDate "2017.04.27"]
[EventType "tourn"]
[EventRounds "5"]
[EventCountry "CAN"]
[SourceTitle "EXT 2022"]
[Source "ChessBase"]
[SourceDate "2021.10.06"]
[SourceVersion "1"]
[SourceVersionDate "2021.10.06"]
[SourceQuality "1"]

1. d4 c6 2. Nf3 d5 3. g3 Bg4 4. Ne5 Bf5 5. Bg2 Nd7 6. 0-0 e6 7. c4 Bd6 8. Nxd7 Qxd7 9. Nc3 b6 10. e4 dxe4 11. Nxe4 Bxe4 12. Bxe4 Nf6 13. Bc2 Qc7 14. Qf3 0-0 15. Bg5 Be7 16. Qd3 g6 17. Qf3 Qd8 18. Rad1 Rc8 19. Rfe1 Nh5 20. Bh6 Re8 21. d5 exd5 22. cxd5 Bf8 23. Bxf8 Rxe1+ 24. Rxe1 cxd5 25. Bb4 Rxc2 26. Re7 f6 27. Qe3 Ng7 28. Qh6 Qf8 29. Rxa7 Rc5 30. Rd7 d4 31. Bxc5 bxc5 32. a4 Kh8 33. Qxg7+ Qxg7 34. Rxg7 Kxg7 35. a5 c4 36. Kf1 1-0

[Event "Montcalm-ch"]
[Site "Quebec"]
[Date "2017.04.27"]
[Round "1"]
[White "Dube, Dominic"]
[Black "Cournoyer, Dominic"]
[Result "1-0"]
[WhiteElo "1859"]
[BlackElo "1977"]
[PlyCount "125"]
[EventDate "2017.04.27"]
[EventType "tourn"]
[EventRounds "5"]
[EventCountry "CAN"]
[SourceTitle "EXT 2022"]
[Source "ChessBase"]
[SourceDate "2021.10.06"]
[SourceVersion "1"]
[SourceVersionDate "2021.10.06"]
[SourceQuality "1"]

1. e4 d5 2. e5 c5 3. Nf3 Nc6 4. c3 Bg4 5. d4 e6 6. Bb5 Qb6 7. Bxc6+ bxc6 8. Nbd2 cxd4 9. cxd4 Bb4 10. 0-0 Ne7 11. Qb3 Bxd2 12. Qxb6 axb6 13. Nxd2 Kd7 14. b4 Ra7 15. a3 Be2 16. Re1 Bb5 17. f4 Rc8 18. Nf3 h6 19. Be3 Rca8 20. Bc1 Ra4 21. Bb2 Rc8 22. Rac1 Ra7 23. g4 Rac7 24. h4 c5 25. bxc5 bxc5 26. dxc5 Rxc5 27. Nd4 Ng6 28. f5 Nxh4 29. fxe6+ fxe6 30. Kf2 Rxc1 31. Bxc1 Bc4 32. Bd2 Rf8+ 33. Kg3 Ng6 34. Bb4 Rf4 35. Bc5 Rf1 36. Rxf1 Bxf1 37. Bd6 Nh8 38. Bf8 Nf7 39. Bxg7 Bd3 40. Kf4 Bg6 41. a4 h5 42. a5 hxg4 43. Nxe6 Kc8 44. Kxg4 Kb7 45. Nc5+ Ka7 46. e6 Nd6 47. Kf4 Be8 48. Be5 Nc4 49. a6 Kb6 50. Bd4 Bb5 51. e7 Nd6 52. Ke5 Ne8 53. Kxd5 Nc7+ 54. Kd6 Ne8+ 55. Ke6 Nc7+ 56. Kf7 Ne8 57. Nd7+ Kxa6 58. Kxe8 Be2 59. Nf6 Kb7 60. Kd8 Bb5 61. Nd7 Ka8 62. e8Q Bxd7 63. Kxd7+ 1-0

[Event "Quebec Montcalm op 6 2016-17"]
[Site "Quebec"]
[Date "2017.04.20"]
[Round "5"]
[White "Ripoll, Arthur"]
[Black "Dube, Dominic"]
[Result "0-1"]
[WhiteElo "1663"]
[BlackElo "1878"]
[PlyCount "100"]
[EventDate "2017.03.23"]
[EventType "swiss"]
[EventRounds "5"]
[EventCountry "CAN"]
[SourceTitle "EXT 2022"]
[Source "ChessBase"]
[SourceDate "2021.10.06"]
[SourceVersion "1"]
[SourceVersionDate "2021.10.06"]
[SourceQuality "1"]

1. e4 c5 2. Nf3 d6 3. d4 cxd4 4. Nxd4 Nf6 5. Nc3 g6 6. f3 Bg7 7. Be3 0-0 8. Qd2 Nc6 9. Nxc6 bxc6 10. Bh6 Bxh6 11. Qxh6 Qb6 12. 0-0-0 Rb8 13. b3 Qa5 14. Kb2 Be6 15. h4 c5 16. g4 c4 17. h5 cxb3 18. cxb3 Rfc8 19. Qd2 Qb4 20. Nd5 Qxd2+ 21. Rxd2 Bxd5 22. exd5 Rc5 23. hxg6 hxg6 24. g5 Rxd5 25. Rdh2 Nh5 26. f4 Rb4 27. Be2 Rxf4 28. Bxh5 gxh5 29. Rxh5 Rd2+ 30. Kc3 Rxa2 31. Rh8+ Kg7 32. R8h7+ Kg6 33. R1h6+ Kxg5 34. Rh5+ Kg4 35. Rh4+ Kf3 36. Rh3+ Ke4 37. Rd3 Rf5 38. Rh4+ Ke5 39. Re3+ Kd5 40. Rd4+ Kc5 41. Rc4+ Kb5 42. Rb4+ Ka5 43. Rb7 a6 44. Rbxe7 Kb6 45. Rd7 Kc6 46. Rde7 Rc5+ 47. Kd3 f5 48. Rf7 Rb2 49. Kd4 Rd2+ 50. Rd3 Rd5+ 0-1

[Event "Quebec Montcalm op 6 2016-17"]
[Site "Quebec"]
[Date "2017.04.06"]
[Round "3"]
[White "Cummins, Paul"]
[Black "Dube, Dominic"]
[Result "1-0"]
[WhiteElo "1723"]
[BlackElo "1878"]
[PlyCount "103"]
[EventDate "2017.03.23"]
[EventType "swiss"]
[EventRounds "5"]
[EventCountry "CAN"]
[SourceTitle "EXT 2022"]
[Source "ChessBase"]
[SourceDate "2021.10.06"]
[SourceVersion "1"]
[SourceVersionDate "2021.10.06"]
[SourceQuality "1"]

1. d4 d5 2. c4 e6 3. Nc3 Nf6 4. cxd5 exd5 5. Bg5 Be7 6. e3 c6 7. Bd3 Be6 8. Nge2 Nbd7 9. Nf4 Qb6 10. Qc2 c5 11. Nxe6 fxe6 12. dxc5 Nxc5 13. Bb5+ Kf7 14. 0-0 Rac8 15. Qe2 h6 16. Bh4 a6 17. Ba4 Nxa4 18. Nxa4 Qb4 19. Bxf6 Bxf6 20. Nc3 Bxc3 21. bxc3 Qxc3 22. Qh5+ g6 23. Qe2 Qc2 24. Qg4 Rc4 25. Qg3 Qf5 26. h3 Rhc8 27. Qd6 Qf6 28. Rab1 R8c7 29. Rb6 Qe7 30. Qg3 R4c6 31. Rb3 b5 32. a4 Rb7 33. Rfb1 Rcb6 34. e4 d4 35. e5 Kg7 36. h4 Qe8 37. Qf4 Qd8 38. h5 Qg5 39. Qxd4 Qxh5 40. Rc3 b4 41. Rf3 Qg5 42. Rf6 Rc6 43. f4 Qg3 44. Qd8 Qe3+ 45. Kh2 Rcc7 46. Rxb4 Qe1 47. Rb3 Ra7 48. Rg3 Kh7 49. Rfxg6 Rg7 50. Qf6 Qxg3+ 51. Rxg3 Rgf7 52. Qg6+ 1-0

[Event "Quebec Montcalm op 5 2016-17"]
[Site "Quebec"]
[Date "2017.02.23"]
[Round "2"]
[White "Dube, Dominic"]
[Black "Levesque Duchesne, Merlin"]
[Result "0-1"]
[WhiteElo "1904"]
[BlackElo "1564"]
[PlyCount "94"]
[EventDate "2017.02.16"]
[EventType "swiss"]
[EventRounds "5"]
[EventCountry "CAN"]
[SourceTitle "EXT 2022"]
[Source "ChessBase"]
[SourceDate "2021.10.06"]
[SourceVersion "1"]
[SourceVersionDate "2021.10.06"]
[SourceQuality "1"]

1. e4 c6 2. d4 g6 3. Nf3 d5 4. e5 Bg4 5. Be2 Bxf3 6. Bxf3 e6 7. c3 Qb6 8. b3 c5 9. Ba3 Nd7 10. 0-0 cxd4 11. Bxf8 Kxf8 12. Qxd4 Qc7 13. Re1 Ne7 14. Na3 Nc6 15. Qf4 Ncxe5 16. Qb4+ Kg7 17. Re3 Nxf3+ 18. Rxf3 Qc5 19. Qxb7 Ne5 20. Re3 Qxa3 21. Rxe5 Qb2 22. Rae1 Qxc3 23. R5e3 Qc8 24. Qb4 Rd8 25. Rh3 d4 26. Qd2 h5 27. Rd3 Qc5 28. Rc1 Qb6 29. Rc4 e5 30. g4 hxg4 31. Qg5 Qf6 32. Qxg4 Rh8 33. Qg2 Rac8 34. Qd5 Rxc4 35. bxc4 Qf4 36. h3 Rh5 37. Rg3 Rf5 38. Rg2 Qf3 39. Qd7 d3 40. c5 Rf6 41. a4 Qe2 42. f4 Qe3+ 43. Kh2 Qxf4+ 44. Kh1 Qf1+ 45. Kh2 Rf2 46. Rxf2 Qxf2+ 47. Kh1 d2 0-1

[Event "Quebec Montcalm op 4 2016-17"]
[Site "Quebec"]
[Date "2017.02.02"]
[Round "4"]
[White "Dube, Dominic"]
[Black "Stoyanova, Stela"]
[Result "1-0"]
[WhiteElo "1898"]
[BlackElo "1533"]
[PlyCount "69"]
[EventDate "2017.01.12"]
[EventType "swiss"]
[EventRounds "5"]
[EventCountry "CAN"]
[SourceTitle "EXT 2022"]
[Source "ChessBase"]
[SourceDate "2021.10.06"]
[SourceVersion "1"]
[SourceVersionDate "2021.10.06"]
[SourceQuality "1"]

1. e4 e6 2. d4 d5 3. exd5 exd5 4. Bd3 Nf6 5. Ne2 c5 6. c4 Nc6 7. Be3 Ng4 8. Nbc3 Nxe3 9. fxe3 Nb4 10. 0-0 Qg5 11. Nf4 Bd6 12. Ncxd5 0-0 13. Nxb4 cxb4 14. Qf3 Qh6 15. e4 Bxf4 16. Qxf4 Qb6 17. c5 Qg6 18. Rf3 Qg4 19. Qd6 Qe6 20. d5 Qxd6 21. cxd6 Bd7 22. e5 g6 23. Rc1 Rac8 24. Rc7 Rxc7 25. dxc7 Rc8 26. d6 b5 27. Be4 Re8 28. Bd5 Rf8 29. Kf2 Kg7 30. Ke3 g5 31. Kd4 g4 32. Rf4 h5 33. Kc5 Kg6 34. Bc6 Bxc6 35. Kxc6 1-0

[Event "Quebec Montcalm op 3 2016-17"]
[Site "Quebec"]
[Date "2016.11.24"]
[Round "2"]
[White "Dube, Dominic"]
[Black "Cournoyer, Dominic"]
[Result "1-0"]
[WhiteElo "1815"]
[BlackElo "1943"]
[PlyCount "89"]
[EventDate "2016.11.17"]
[EventType "swiss"]
[EventRounds "5"]
[EventCountry "CAN"]
[SourceTitle "EXT 2022"]
[Source "ChessBase"]
[SourceDate "2021.10.06"]
[SourceVersion "1"]
[SourceVersionDate "2021.10.06"]
[SourceQuality "1"]

1. e4 d5 2. exd5 Nf6 3. Nc3 Nxd5 4. Nxd5 Qxd5 5. d4 Nc6 6. Be3 Bf5 7. c3 0-0-0 8. Nf3 e5 9. Qa4 exd4 10. Nxd4 Nxd4 11. Qxd4 Qxd4 12. Bxd4 Re8+ 13. Kd2 Rd8 14. Ke1 Bd6 15. f3 Rhe8+ 16. Kf2 c5 17. Be3 Be6 18. Bb5 Re7 19. a3 a6 20. Be2 Rde8 21. Rae1 Bb3 22. Bd3 h5 23. g3 Kc7 24. Bd2 Rxe1 25. Rxe1 Rd8 26. f4 Bf8 27. Ke3 c4 28. Be4 Bc5+ 29. Ke2 Re8 30. Kf3 Ba4 31. Be3 Bd6 32. Bd5 Bc6 33. Rd1 Bxd5+ 34. Rxd5 g6 35. Bc5 Re6 36. f5 Rf6 37. Bxd6+ Rxd6 38. Rxd6 Kxd6 39. Kf4 b5 40. fxg6 fxg6 41. Kg5 a5 42. Kxg6 a4 43. Kxh5 b4 44. g4 Ke5 45. g5 1-0